000 01106nam a2200337 i 4500
999 _c200430005
_d47931
001 200430005
003 TR-AnTOB
005 20241025103155.0
007 ta
008 170707s2016 tu b 000 0 tur
010 _a2017345047
020 _a9786051469195
040 _aDLC
_beng
_erda
_cTR-AnTOB
_dTR-AnTOB
041 0 _atur
050 0 _aKKX1888
090 _aKKX1888
_b.M87 2016
100 1 _aMuşul, Timuçin,
_d1947-
_eauthor
_9115817
245 1 0 _aİcra ve İflâs hukukunda; ihale ve ihalenin feshi /
_cProf. Dr. Timuçin Muşul.
246 3 0 _aİhale ve ihalenin feshi
264 1 _aAnkara :
_bAdalet Yayınevi,
_c2016.
300 _a572 pages ;
_c24 cm.
336 _atext
_btxt
_2rdacontent
337 _aunmediated
_bn
_2rdamedia
338 _avolume
_bnc
_2rdacarrier
490 0 _aAdalet.
_aHukuk Yayınları Dizisi ;
_v1927
504 _aIncludes bibliographical references (pages xix-xx) and indexes.
520 _aGovernment purchasing; remedies; Turkey.
650 0 _aİflas
_zTürkiye
_2etuturkob
_981044
942 _2lcc
_cBK